000 01284nam a2200241 a 4500
001 000014668
005 20240412074241.0
008 100118s2006 dr 000 p spa d
020 _a9945405535
040 _aDO-SdBNP
_bspa
_cBNPHU
082 _aRD861.2
_bU75p, 2006
245 0 0 _aPoemas y biografía de Salomé Ureña /
_cCompilación Tomás Castro Burdiez.
260 _aSanto Domingo :
_bFundación para la Educación y el Arte,
_c2006.
300 _a80 p. ;
_c21 cm.
500 _aIncluye notas al pie de las páginas
505 0 _tLa gloria del progreso --
_tA los dominicanos --
_tRuinas --
_tLa llegada del invierno --
_tLa fe en el porvenir --
_tEl cantar de mis cantares --
_tSueños --
_tSombras --
_tMi ofrenda a la patria --
_tMelancolía --
_tPadre mío --
_tLuz --
_tA mi madre --
_tAmor y anhelo --
_tEn el nacimiento de mi primogénito --
_tEn hora de angustia --
_t¿ Qué es patria ? --
_tTristezas --
_tMi pedro --
_tUna esperanza --
_tEl ave y el nido --
_tImpresiones --
_tCaridad --
_tTierra --
_tBiografía.
509 _aInventariado, 2019/VM
600 1 0 _aUreña de Henríquez, Salomé ,
_d1850-1897
_9920
650 0 _aPoesía dominicana
_966
650 0 _aLiteratura dominicana.
_967
700 _aCastro, Tomás,
_d1959-
_924641
910 _aValidado. Control de calidad MFF
999 _c14252
_d14252